| 000 | 01346cam a2200337 i 4500 | ||
|---|---|---|---|
| 001 | 768714001 | ||
| 003 | CO-MdFUSB | ||
| 005 | 20241203164233.0 | ||
| 007 | ta | ||
| 008 | 161010t1986 -us||||g |||| 00| 0 eng d | ||
| 020 | _a0-8006-1906-4 | ||
| 040 |
_aCO-MdFUSB _bEspañol _cCO-MdFUSB _dCO-MdFUSB _erda |
||
| 041 | _aeng | ||
| 082 |
_224 _a236 _bG722e |
||
| 100 | 1 |
_aGowan, Donald E. _eautor _d1929- |
|
| 245 | 0 | 0 |
_aEschatology in the Old Testament _c/ Donald E. Gowan |
| 264 | 1 |
_aPhiladelphia, Pennsylvania : _bFortress Press, _c[1986] |
|
| 264 | 4 | _c©1986 | |
| 300 | _a150 páginas | ||
| 336 |
_2rdacontent _atexto _btxt |
||
| 337 |
_2rdamedia _asin mediación _bn |
||
| 338 |
_2rdacarrier _avolumen _bnc |
||
| 504 | _aIncluye índice (páginas: 145-150) | ||
| 505 | _aUn nuevo enfoque de la escatología del Antiguo Testamento - Sion: El centro de la escatología del Antiguo Testamento - La paz en Sión: La transformación de la sociedad humana - Los habitantes de Sión: La transformación de la persona humana - La transformación de la naturaleza - La escatología del Antiguo Testamento y la esperanza contemporánea para el futuro | ||
| 540 | _aRústico | ||
| 630 | 7 |
_aBiblia. _pAntiguo Testamento _xTeología |
|
| 650 | 0 |
_9476 _aEscatología _xCristianismo |
|
| 942 | _cBK | ||
| 945 | _aMiguel | ||
| 999 |
_c46865 _d46865 |
||